A cseh/szlovákiai magyar irodalom lexikona 1918-1995

Bibliographic Details
Main Author: (ferenczi) (Author)
Format: Article
Language:Hungarian
Slovak
PhysicalDescription:Obr. 1
Subjects:

MARC

LEADER 00000nab a2200000 a 4500
001 vtls000631218
003 SK-MaSNL
005 20260319074600.0
008 160314c1997 xo 0 hun
015 |a SNBRB19rr/mm-uuuuu 
035 |a CL0631357 
040 |a SNKBUCL  |b slo  |c SNKBUCL  |e AACR2 
041 0 |a slo 
044 |a xo  |c SK 
080 |a 82:03(437=945.11)"1918/1995"  |2 1981 
080 |a 03(437=945.11)"1918/1995"  |2 1981 
080 |a 894.511 (437)"1918/1995"(031)  |2 1981 
100 1 |a (ferenczi)  |4 aut  |9 895661 
245 1 0 |a A cseh/szlovákiai magyar irodalom lexikona 1918-1995  |c (ferenczi) 
300 |b Obr. 1 
650 0 7 |a literatúra maďarská  |z Česko-Slovensko  |2 snkbucl  |9 902940 
773 0 |t Szabad újság  |g Roč. 5, č. 27 (1997), s. 9 
850 |a Slovenská národná knižnica v Martine  |a DSG001 
852 |a SNK  |b KIS3GCP 
958 |a HU 
958 |a LX 
958 |a SK 
958 |a RK 
958 |a RBX 
999 |c 1459513  |d 1461443